000
00252nam a2200097Ia 4500
001
1049254
005
20250826232309.0
008
250824s9999 xx 000 0 und d
245
0
_a
AYNALAR KORİDORUNDA AŞK
_c
MUSTAFA ULUSOY
260
_b
KETEBE YAYINLARI
999
_c
1049254
_d
1049254